Emerging issues in human resources management (Record no. 355502)
[ view plain ]
| 000 -LEADER | |
|---|---|
| fixed length control field | 004420000a22001570004500 |
| 020 ## - INTERNATIONAL STANDARD BOOK NUMBER | |
| International Standard Book Number | 8120406451 |
| 060 ## - NATIONAL LIBRARY OF MEDICINE CALL NUMBER | |
| Classification number | 100 |
| 082 ## - DEWEY DECIMAL CLASSIFICATION NUMBER | |
| Classification number | 331.11 PRA |
| 100 ## - MAIN ENTRY--PERSONAL NAME | |
| Personal name | Pramod, Verma |
| 245 ## - TITLE STATEMENT | |
| Title | Emerging issues in human resources management |
| 260 ## - PUBLICATION, DISTRIBUTION, ETC. (IMPRINT) | |
| Place of publication, distribution, etc. | New Delhi, Oxford & IBH publishing co. pvt. ltd |
| 260 ## - PUBLICATION, DISTRIBUTION, ETC. (IMPRINT) | |
| Date of publication, distribution, etc. | 1992 |
| 300 ## - PHYSICAL DESCRIPTION | |
| Extent | 332 |
| 650 ## - SUBJECT ADDED ENTRY--TOPICAL TERM | |
| Topical term or geographic name as entry element | human resources management/ Man power planning- India/ Human resource planning |
| 942 ## - ADDED ENTRY ELEMENTS (KOHA) | |
| Koha item type | Books (General) |
| Withdrawn status | Lost status | Damaged status | Not for loan | Collection code | Home library | Current library | Shelving location | Date acquired | Total Checkouts | Full call number | Barcode | Date last seen | Price effective from | Koha item type |
|---|---|---|---|---|---|---|---|---|---|---|---|---|---|---|
| Malayalam | College of Agriculture, Vellayani | College of Agriculture, Vellayani | 02/05/2014 | 331.11 PRA | KAU_COAV-22200 | 02/05/2014 | 12/05/2022 | Books (General) |
